00793 2200277 4500001002100000005001700021008004100038020002200079035002400101040001200125041000800137082001700145084001700162090002100179100003200200245009200232250001800324260002700342300003500369500001100404504002600415650001900441700002100460850001200481990002200493INLIS00000000002900820170922121216.0  a978-602-8950-60-2 0010-071700000000178 aYOPDYOG0 aind042[23]a641.83 a641.83 Mad S aDEP 641.83 Mad S0 aMADYA NATUN NURUL B.d1978-1 aSajian salad khas Indonesiac/ Madya Natun Nurul B.; editor, Fiki Puspitasari...[et.al] aEd. 1, Cet. 1 aYogyakartabKTSPc2013 aiv, 76 hlm.b: ilus.c; 25 cm. aIndeks aBibliografi : hlm. 74 4aMakananxSalad0 aFiki Puspitasari aYOPDYOG aCB-D.11/2013-2573